| 000 | 00740cam a2200265 a 4500 | ||
|---|---|---|---|
| 942 | _cBK | ||
| 999 |
_c664 _d664 |
||
| 001 | 16571324 | ||
| 003 | OSt | ||
| 005 | 20250420134820.0 | ||
| 008 | 101208s2012 maua 001 0 eng | ||
| 010 | _a 2010047534 | ||
| 020 | _a9780321716811 | ||
| 035 | _a(OCoLC)ocn691202021 | ||
| 040 |
_aDLC _cKCST _dYDX _dYDXCP _dBWX _dDLC |
||
| 050 | 0 | 0 |
_aQA154.3 _b.S763 2012 |
| 082 | 0 | 0 |
_a512.9 _222 _bSu Co |
| 100 | 1 |
_aSullivan, Michael, _d1942- _95245 |
|
| 245 | 1 | 0 |
_aCollege algebra / _cMichael Sullivan. |
| 250 | _a9th ed. | ||
| 260 |
_aBoston : _bPearson Prentice Hall, _c2012. |
||
| 300 |
_axxx, 708, [92] p. : _bill. (some col.) ; _c29 cm. |
||
| 500 | _aIncludes index. | ||
| 650 | 0 |
_aAlgebra _vTextbooks. _95246 |
|
| 942 | _2ddc | ||